000 00254nam a2200109Ia 4500
008 240625s9999 xx 000 0 und d
041 _aeng
082 _a425 SET
100 _aSETHI J
245 _aPRACTICAL COURSE IN ENGLISH PRONUNCIATIO
260 _c2008
999 _c34500
_d34500